000 00535cam a2200193 4500
001 D6393
008 090401t1972 xxu||||| |||| 00| 0 eng d
035 _a(Sirsi) u582
041 _aeng
050 _a692.209421
100 _aKnowles, C.C.
245 4 _aThe history of building regulation in London 1189 - 1972 with an account of the District Surveyor`s Association
260 _aLondon
_bArchitectural Press
_c1972
300 _a164p. ill. 26cm
350 _a3.95
700 _aPitt, P.H.
942 _n0
948 _c04/03/1997
999 _c85573
_d85573